|
|
|
|
| LEADER |
00000nab a2200000 a 4500 |
| 001 |
vtls000276085 |
| 003 |
SK-MaSNL |
| 005 |
20260304071022.0 |
| 008 |
250422c1986 xo 0 slo |
| 015 |
|
|
|a SNBRB19rr/mm-uuuuu
|
| 035 |
|
|
|a CL0286199
|
| 035 |
|
|
|a urn:nbn:sk:snk-ab2myg
|
| 035 |
|
|
|a (urnnbn)urn:nbn:sk:snk:ar-a02no0
|
| 035 |
|
|
|a (uuid)00a202fc-b7f8-44d8-93b3-9c7092b04a8a
|
| 040 |
|
|
|a SNKBUCL
|b slo
|c SNKBUCL
|e AACR2
|
| 041 |
0 |
|
|a slo
|
| 044 |
|
|
|a xo
|c SK
|
| 080 |
|
|
|a 738.3:069.51
|2 1981
|
| 080 |
|
|
|a 069.51
|2 1981
|
| 080 |
|
|
|a 069.6.02(437.6)
|2 1981
|
| 100 |
1 |
|
|a Králiková, Eva,
|d 1946-
|4 aut
|9 209511
|
| 245 |
1 |
0 |
|a Najnovší prírastok holíčskej produkcie do zbierok Etnografického ústavu Slovenského národného múzea v Martine
|c E. Králiková
|
| 610 |
2 |
7 |
|a Etnografické múzeum (Martin, Slovensko)
|2 snkbucl
|9 30580
|
| 650 |
0 |
7 |
|a keramika kamninová
|2 snkbucl
|9 1357676
|
| 651 |
|
7 |
|a Holíč (Slovensko)
|2 snkbucl
|9 84292
|
| 655 |
|
7 |
|a články z novín a časopisov
|2 snkbucl
|9 267496
|
| 773 |
0 |
|
|t Múzeum
|g Roč. 31, č. 4 (1986), s. 80-81
|
| 850 |
|
|
|a Slovenská národná knižnica
|
| 852 |
|
|
|a Slovenská národná knižnica
|
| 954 |
|
|
|a odborná, vedecká literatúra pôvodná (slovenská)
|2 lita
|
| 957 |
|
|
|a 5306
|
| 958 |
|
|
|a article27
|
| 958 |
|
|
|a OND
|
| 958 |
|
|
|a EUIPO
|
| 992 |
|
|
|a RBX
|
| 999 |
|
|
|c 2758488
|d 2760418
|